00364nam a2200121 a 450000500170000000800410001705000170005824500170007526000670009230000350015965000290019465000190022320140414093841.0071030s19uu xx uuu eng d aDVD 790bCAL aCalligraphy. aChina :bCentre of International Cultural Exchange, China for. a1 videodisk (20 min.) ; sd. co aCultural Center of China aTV documentary